Capitales au Scrabble #1 - Statistiques

Statistiques générales
  • Ce quiz a été pris 112 fois
  • Le résultat moyen est 9 sur 15
Statistiques - réponses
Points Capitales Indice % Correct
23 Washington / Bridgetown /Kuala Lumpur / Luxembourg / Tokyo Amérique (2) Asie (3) Europe (1)
91%
20 Bruxelles / Freetown / Helsinki / Katmandou / Kinshasa / Phnom Penh / Saint John's / Wellington / Andorre la Vieille Europe (3) Amerique (1) Afrique (2) Océanie (1) Asie (2)
85%
24 Stockholm / Koweït / Nouakchott / Skopje Europe (2) Asie (1) Afrique (1)
70%
21 Georgetown / Khartoum / New Delhi / Nuku’alofa Asie (1) Amérique (1) Afrique (1) Océanie (1)
68%
31 Yamoussoukro / Pyongyang Afrique (1) Asie (1)
66%
46 Reykjavik Europe
62%
28 Bangkok / Kingstown Asie (1) Amérique (1)
60%
25 Ljubljana / Port Moresby Europe (1) Océanie (1)
60%
32 Bandar Seri Begawan / Bichkek Asie (2)
55%
60 Sri Jayawardenapura Kotte Asie
54%
22 Tachkent / Beyrouth Asie (2)
53%
34 Brazzaville Afrique
45%
30 Windhoek Afrique
42%
39 Naypyidaw Asie
35%
27 Conakry / Mélékeok Afrique (1) Océanie (1)
33%
Aucun quiz correspondant
Distribution des résultats
% des personnes avec chaque résultat
Percentile par nombre de réponses
Votre historique - résultats
Vous n’avez pas pris ce quiz